| Tag |
First Indicator |
Second Indicator |
Subfields |
| LEADER |
00000nam a2200000 i 4500 |
| 001 |
in00004761321 |
| 006 |
m o d f |
| 007 |
cr u|||||a|a|| |
| 008 |
111115e196603 dcua obt f000 0 eng d |
| 005 |
20231213202437.1 |
| 035 |
|
|
|a (OCoLC)ocn761381009
|
| 040 |
|
|
|a OCLCE
|b eng
|e rda
|e pn
|c OCLCE
|d OCLCQ
|d OCLCO
|d OCLCQ
|d OCLCF
|d OCLCQ
|d OCLCO
|d OCLCA
|d GPO
|d MvI
|
| 049 |
|
|
|a WWW
|
| 074 |
|
|
|a 0830-D (online)
|
| 086 |
0 |
|
|a NAS 1.15:X-1214
|
| 100 |
1 |
|
|a Ray, Edward J.,
|0 https://id.loc.gov/authorities/names/n79035691
|e author.
|
| 245 |
1 |
0 |
|a Transonic aerodynamic characteristics of a tailless fixed-wing supersonic transport model /
|c by Edward J. Ray and Robert T. Taylor.
|
| 264 |
|
1 |
|a Washington, D.C. :
|b National Aeronautics and Space Administration,
|c March 1966.
|
| 300 |
|
|
|a 1 online resource (75 pages) :
|b illustrations.
|
| 336 |
|
|
|a text
|b txt
|2 rdacontent
|
| 337 |
|
|
|a computer
|b c
|2 rdamedia
|
| 338 |
|
|
|a online resource
|b cr
|2 rdacarrier
|
| 490 |
1 |
|
|a NASA/TM ;
|v X-1214
|
| 500 |
|
|
|a "March 1966."
|
| 500 |
|
|
|a GPO Cataloging Record Distribution Program (CRDP).
|
| 504 |
|
|
|a Includes bibliographical references (pages 13-16).
|
| 513 |
|
|
|a Technical memorandum
|
| 588 |
|
|
|a Description based on online resource; title from PDF title page (NASA, viewed Oct. 20, 2023).
|
| 650 |
|
0 |
|a Supersonic transport planes
|x Design and construction.
|
| 650 |
|
0 |
|a Airplanes
|x Wings.
|0 https://id.loc.gov/authorities/subjects/sh85002923
|
| 650 |
|
0 |
|a Supersonic transport planes
|x Models.
|
| 650 |
|
7 |
|a Aerodynamic characteristics.
|2 nasat
|
| 650 |
|
7 |
|a Aircraft configurations.
|2 nasat
|
| 650 |
|
7 |
|a Fixed wings.
|2 nasat
|
| 650 |
|
7 |
|a Models.
|2 nasat
|
| 650 |
|
7 |
|a Supersonic transports.
|2 nasat
|
| 650 |
|
7 |
|a Tailless aircraft.
|2 nasat
|
| 650 |
|
7 |
|a Transonic wind tunnels.
|2 nasat
|
| 650 |
|
7 |
|a Wind tunnels.
|2 nasat
|
| 650 |
|
7 |
|a Wings.
|2 nasat
|
| 700 |
1 |
|
|a Taylor, Robert T.,
|0 https://id.loc.gov/authorities/names/n79007971
|e author.
|
| 710 |
1 |
|
|a United States.
|b National Aeronautics and Space Administration,
|0 https://id.loc.gov/authorities/names/n78087581
|e issuing body.
|
| 776 |
0 |
8 |
|i Print version:
|a Ray, Edward J
|t Transonic aerodynamic characteristics of a tailless fixed-wing supersonic transport model
|w (OCoLC)70824942
|
| 830 |
|
0 |
|a NASA technical memorandum ;
|0 https://id.loc.gov/authorities/names/n83707893
|v X-1214.
|
| 856 |
4 |
0 |
|u https://purl.fdlp.gov/GPO/gpo219374
|t 0
|
| 999 |
f |
f |
|s cb3c8c67-27f9-4bf9-96e2-de271c5dd0e0
|i 96253435-98b4-4811-ba0c-69b35f182905
|t 0
|
| 952 |
f |
f |
|a Texas A&M University
|b College Station
|c Electronic Resources
|d Available Online
|t 0
|e NAS 1.15:X-1214
|h Superintendent of Documents classification
|
| 998 |
f |
f |
|a NAS 1.15:X-1214
|t 0
|l Available Online
|